Tour De France 2019-Vainqueurs d'étape - Statistiques

Statistiques générales
  • Ce quiz a été pris 767 fois
  • Le résultat moyen est 12 sur 20
Statistiques - réponses
Etape Vainqueur d'étape % Correct
3 Julian Alaphilippe
98%
13 Juilan Alaphilippe
96%
14 Thibaut Pinot
91%
5 Peter Sagan
79%
11 Caleb Ewan
68%
16 Caleb Ewan
68%
21 Caleb Ewan
68%
10 Wout Van Aert
65%
1 Mike Teunissen
63%
12 Simon Yates
63%
15 Simon Yates
63%
2 Jumbo-Visma
59%
18 Nairo Quintana
57%
20 Vincenzo Nibali
55%
8 Thomas De Gendt
54%
6 Dylan Teuns
52%
4 Elia Viviani
50%
17 Matteo Trentin
33%
9 Daryl Impey
29%
7 Dylan Groenwegen
12%
Aucun quiz correspondant
Distribution des résultats
% des personnes avec chaque résultat
Percentile par nombre de réponses
Votre historique - résultats
Vous n’avez pas pris ce quiz